| 000 | 00452nam a2200181Ia 4500 | ||
|---|---|---|---|
| 001 | 21022 | ||
| 005 | 20260306172849.0 | ||
| 008 | 260306t2010||||xx |||||||||||||| ||spa|| | ||
| 041 | _aESP | ||
| 082 |
_a344 _bA151 |
||
| 100 |
_aAmbos, Kai _eAUT |
||
| 245 | 0 | _aFundamentos y ensayos críticos de derecho penal y procesal penal | |
| 260 | _c2010 | ||
| 300 |
_a557 páginas : _c24 cm. |
||
| 650 | _aGEN | ||
| 654 | _aCDE | ||
| 942 |
_cLIB _dJUS _fJUS _2ddc _n |
||
| 999 |
_c21022 _d21022 |
||